MDQL
is popping MORE tags! Check the
thread
!
Quizzes
Events
Quiz Creation
Community
Videos
Private Events
Remove Ads
Sign In
Join for FREE
Feedback
Dark Mode
Quiz Categories
Sports
Geography
Music
Movies
Television
Just For Fun
Miscellaneous
History
Literature
Language
Science
Gaming
Entertainment
Religion
Holiday
For Kids
Quiz Lab
Recent
Popular Today
Quiz Kudos Today
Editor Picks
Curator Picks
Quizzes by...
Day
Popularity
Type
Ratings
Length
Year
Community
Subscriptions
Recent Discussions
Orange Saloon
Badges
Playlists
Quests
Create
Leaderboards
Showdown
Live 5
Trivia Bingo
Activity
Puzzle Library
Sporcle Events
Private Events
Virtual Trivia
Globe League
Become a Host
Pub Owners
SporcleCon
Opinionation
Our Games
Videos
Blog
Mobile Apps
Partnerships
Remove Ads and Go Orange
Feedback
Sports
Athletes
MLB
NBA
NHL
NFL
Soccer
Sports Teams
WWE
NCAA
Football
Premier League
Basketball
Baseball
Hockey
Golf
Tennis
Cricket
Rugby
Auto Racing
Olympics
World Cup
Sports
Athletes
MLB
NBA
NHL
NFL
Soccer
Sports Teams
WWE
NCAA
Football
Premier League
Basketball
Baseball
Hockey
Golf
Tennis
Cricket
Rugby
Auto Racing
Olympics
World Cup
Random Quiz
Search Sporcle
×
Quiz Lab
Quiz Lab
Sports
MLB
Type in answers that appear in a list
Type in answers that appear in a list
Classic
Best Score? Go Orange.
MLB Players by the Numbers Stats
Can you name the MLB Players by the Numbers?
By
TKufta5
10m
30 Questions
209 Plays
209 Plays
209 Plays
Comments
Comments
Give Quiz Kudos
Give Quiz Kudos
-
- Ratings
hide this ad
Random Order
Randomize order of answers
Randomize order of answers
Replay
Link that replays current quiz
Next Quiz
Link to next quiz in quiz playlist
You Got
0%
They Got
Avg Score
44%
Avg Friend Score
Upgrade to see
Score Distribution
Jump to the score distribution portion of the page
Score
0/30
Timer
10:00
0
Plays Today
Team
Name
% Correct
Florida Marlins
Hanley Ramirez
80.3%
Seattle Mariners
Ichiro Suzuki
73.6%
Minnesota Twins
Joe Mauer
72.1%
New York Mets
Carlos Beltran
60.1%
New York Yankees
Johnny Damon
59.6%
Anaheim Angels
Bobby Abreu
57.2%
Chicago Cubs
Alfonso Soriano
57.2%
Tampa Bay Rays
B.J. Upton
55.8%
Houston Astros
Lance Berkman
55.3%
Toronto Blue Jays
Vernon Wells
55.3%
Texas Rangers
Ian Kinsler
51.9%
Chicago White Sox
Jermaine Dye
51.4%
Philadelphia Phillies
Cliff Lee
50.5%
Kansas City Royals
Zack Greinke
46.6%
Baltimore Orioles
Nick Markakis
45.2%
Team
Name
% Correct
Boston Red Sox
Jacoby Ellsbury
42.8%
Arizona Diamondbacks
Mark Reynolds
39.9%
Pittsburgh Pirates
Zach Duke
38.5%
Detroit Tigers
Curtis Granderson
38.5%
San Francisco Giants
Matt Cain
36.1%
Oakland Athletics
Bobby Crosby
33.2%
Colorado Rockies
Garrett Atkins
32.7%
Milwaukee Brewers
Corey Hart
31.7%
Los Angeles Dodgers
Clayton Kershaw
30.3%
Cleveland Indians
Shin-Soo Choo
25.5%
Cincinnati Reds
Johnny Cueto
25.5%
St. Louis Cardinals
Colby Rasmus
24.5%
Washington Nationals
Nyjer Morgan
24.5%
San Diego Padres
Kevin Kouzmanoff
24.5%
Atlanta Braves
Nate McLouth
20.2%
Quiz Playlist
Details
Report
Send in Message
Add To Playlist
Classic:
Type in answers that appear in a list
Random Order:
Randomize order of answers
Last Updated: Feb 16, 2017
Quiz Scoreboard
CHALLENGE
Sign Up to Join the Scoreboard
Show All
Scores
Hide
Comments
May contain spoilers
Recently Published
1-10 Letter E Words III
by El_Dandy
Language
2m
Street Fighter Characters
by Artimus82
Gaming
60s
College Basketball Coaching Resumes
by pancakes188
Sports
9m
More to Explore
Quiz From the Vault
Featured Blog Post
Where Did the Easter Bunny Come From?
hide this ad
You Might Also Like...
Tags
Baseball Quiz
MLB Quiz
Numbers Quiz
Player
team
Today's Top Quizzes in Sports
Browse Sports
hide this ad
Today's Top Quizzes in MLB
Browse MLB
Top Contributed Quizzes in Sports
1
2022 World Cup Stars
2
Les meilleurs buteurs des matchs entre le PSG et l’OM
3
FIFA Club World Cup Champions
4
Les entraîneurs de l'OM et du PSG au 21e siècle
5
Criteria MLB: Left Handed Sluggers
6
2023 MLB Unique Player Accomplishments
7
AFC Teams Reveal (Wrong Answers Minefield)
8
Players with Multiple 50 Home Run Seasons
9
5-to-1: FBS Animal Nicknames
10
5-to-1: UK Sports Teams
Explore More
Trending Topics
NBA
Anime
Kpop
Crossword
Marvel
Disney
Harry Potter
Puzzle
Soccer
Country
Song
WWE
The Office
Pokémon
NFL
hide this ad
More By:
TKufta5
Quiz
Plays
Rating
Category
Featured
Created
Heisman Finishers of the Last 20 Years
136,832
4.52
Sports
Oct 7, 2009
All-Time Fantasy Football Draft
18,175
3.90
Sports
Oct 15, 2009
Colleges & Universities in Pennsylvania
3,649
3.62
Miscellaneous
Oct 15, 2009
2009 NFL Teams' Starting WRs
2,856
3.91
Sports
Oct 8, 2009
MLB Players by the Numbers
209
2.33
Sports
Oct 8, 2009
Go to Creator's Profile
Score Distribution
Quiz Creator Spotlight
TKufta5
Follow
Send a Message
Quizzes Created
-
Created Quiz Play Count
-
More By This Creator
Popular Quizzes Today
1
Find the US States - No Outlines Minefield
2
Find the Countries of Europe - No Outlines Minefield
3
The Countries of the World
4
Find the US States
5
Risky Map Clicking: Biggest States A-Z
6
US States
7
Popular People in 1961
8
Movies - When Are They Set?
More Sports Quizzes
Footballer First Names - E
Quiz Lab
Trending Quizzes
Risky Map Clicking: Least Populous States A-Z
Billboard Blitz: Aretha Franklin
1-10 Letter G Words
Countries of the World: 200 Million BC
1-10 Letter F Words
Recently Updated
Leaping Animals
pecheneg
Reality TV Shows (A-Z)
bhenderson79
Rickey Henderson's Hall of Fame Teammates
pecheneg
Champions League XIs: Arsenal
pecheneg
Quick Pick: Celebrities in WWE's Hall of Fame
aduchscher
A-Z Keypad Blitz II
pecheneg
Multiple Oscar Actors
pecheneg
Mystery Phrase Blitz: Oscar 'Best Actors'
pecheneg
F. Scott Fitzgerald Novels
LTH
Pick 3 Villains
ddd62291
Trending Topics
Marvel
Crossword
Anime
Disney
Kpop
Harry Potter
NBA
Puzzle
The Office
Country
WWE
Pokémon
NFL
Song
Soccer
Your Account Isn't Verified!
In order to create a playlist on Sporcle, you need to verify the email address you used during registration. Go to your
Sporcle Settings
to finish the process.
Report this User
Report this user for behavior that violates our
Community Guidelines
.
Details:
Send Report
Go to the Sporcle.com Mobile Site →
Comments